| 000 | 00504nam a22001697a 4500 | ||
|---|---|---|---|
| 005 | 20231031071444.0 | ||
| 008 | 231031b |||||||| |||| 00| 0 eng d | ||
| 020 | _a0702137766 | ||
| 041 | _aEnglish | ||
| 082 | _a347.5 PRE | ||
| 100 |
_aPrest, CB _lEnglish |
||
| 245 |
_aThe Law and Practice of Interdicts / _cCB Prest |
||
| 260 |
_aCape Town : _bJuta and Company Ltd, _c1996 |
||
| 300 |
_blv, 405 pages ; _c26 cm. |
||
| 650 |
_alegal practice _bLaw |
||
| 942 |
_cBK _6ALISON_BN_VRIES |
||
| 999 |
_c162 _d162 |
||